Nghiên cứu tính chất ức chế ăn mòn kim loại của axit amin được chiết tách từ hạt và bã đậu nành
Tổng quan; Phương pháp nghiên cứu thực nghiệm; Kết quả và thảo luận...
Kaydedildi:
| Yazar: | |
|---|---|
| Diğer Yazarlar: | |
| Materyal Türü: | Kitap |
| Dil: | Vietnamese |
| Baskı/Yayın Bilgisi: |
Đà Nẵng
Đại học Đà Nẵng
2011
|
| Konular: | |
| Etiketler: |
Etiketle
Etiket eklenmemiş, İlk siz ekleyin!
|
| Thư viện lưu trữ: | Mạng thư viện Đại học Đà Nẵng |
|---|
| LEADER | 01467nam a2200361 4500 | ||
|---|---|---|---|
| 001 | 000010614 | ||
| 003 | 6821 | ||
| 005 | 20111216071233.0 | ||
| 008 | 111216s2011 viesd | ||
| 041 | |a vie | ||
| 072 | |a Luận văn Thạc sĩ Khoa học | ||
| 082 | |a 664.805022 |b NG-O | ||
| 100 | |a Nguyễn Thị Kiều Oanh | ||
| 245 | |a Nghiên cứu tính chất ức chế ăn mòn kim loại của axit amin được chiết tách từ hạt và bã đậu nành |c Nguyễn Thị Kiều Oanh | ||
| 260 | |a Đà Nẵng |b Đại học Đà Nẵng |c 2011 | ||
| 300 | |a 85 tr. |c 29 cm |e CD. Tóm tắt | ||
| 500 | |a Luận văn Thạc sĩ. Chuyên ngành: Hóa hữu cơ. Mã số: 60.44.27 | ||
| 520 | |a Tổng quan; Phương pháp nghiên cứu thực nghiệm; Kết quả và thảo luận... | ||
| 653 | |a Axit amin | ||
| 653 | |a Đậu nành | ||
| 653 | |a Luận văn Thạc sĩ Hóa hữu cơ | ||
| 653 | |a Hóa học | ||
| 700 | |a Lê Tự Hải |c PGS.TS |e Hướng dân | ||
| OWN | |a LSP | ||
| AVA | |a UDN50 |b LSP |d 664.805022 NG-O |e available |t Error 5001 Not defined in file expand_doc_bib_avail. |f 1 |g 0 |h N |i 0 |k 1 | ||
| 999 | |a From the UDN01 | ||
| AVA | |a UDN50 |b LSP |d 664.805022 NG-O |e available |t Error 5001 Not defined in file expand_doc_bib_avail. |f 1 |g 0 |h N |i 0 |k 1 | ||
| TYP | |a Monograph | ||
| TYP | |a Printed language | ||
| 980 | |a Mạng thư viện Đại học Đà Nẵng | ||